New Zealand General Knowledge Quiz - Statistics

General Stats
  • This quiz has been taken 66 times
  • The average score is 18 of 24
Answer Stats
Hint Answer % Correct
What is the most widely spoken language? English
100%
What is the capital city? Wellington
100%
What is the biggest City? (North Island) Auckland
98%
What is the national sport? Rugby Union
98%
What is the native language called? Maori
96%
Famous Rugby Team? All Blacks
94%
Closest Neighbor/ally? Australia
93%
What is the national bird called ? Kiwi
93%
What is the biggest city? (South Island) Christchurch
91%
True or False Police routinely carry Firearms ? False
91%
What is the currency called ? New Zealand Dollar
91%
How many times have the above won the world cup? 3 Times
87%
What is the population? (Estimate, Millions) 5 Million
87%
How many teams compete in the above? 2 Teams
81%
Who is the Current Majority Party in parliament? Labour Party
80%
What Town has the famous Baldwin Street in it ? Dunedin
76%
Who is the Current Prime Minister Jacinda Ardern
76%
What is the resort town in the South Island called? Queenstown
67%
What is the national cricket team called? Black Caps
63%
What is the third Language used here? Sign Language
54%
What is the name of the Hamilton Based Super Rugby Team? Chiefs
39%
What is the main town in the Tairawhiti area? Gisborne
31%
Which Current All Whites player plays in the Premier League? Chris Wood
30%
What is the bledisloe cup ? Rugby Trophy
17%
No matching quizzes found
Score Distribution
Percent of People with Each Score
Percentile by Number Answered
Your Score History
You have not taken this quiz